| 000 | 00964nas a2200325 4500 | ||
|---|---|---|---|
| 001 | BR0302782 | ||
| 003 | BR-BrBNA | ||
| 005 | 20231205103832.0 | ||
| 007 | ta | ||
| 008 | 230509b bl.|||p| |||| 00| 00por d | ||
| 040 |
_aBR-BrBNA _bpor _cBiblioteca Nacional de Agricultura |
||
| 041 | _a(Pt) | ||
| 072 | _aP32 | ||
| 100 | 1 | _aMafra, A.L. | |
| 100 | 1 | _aMiklós, A.A.W. | |
| 100 | 1 | _aVolkoff, B. | |
| 100 | 1 | _aMelfi, A.J. | |
| 245 | 1 | _aPedogênese numa sequência Latossolo-Espodossolo na região do Alto Rio Negro | |
| 650 | _aSOLO TROPICAL | ||
| 650 | _aSOLO HIDROMÓRFICO | ||
| 650 | _aMINERALOGIA | ||
| 650 | _aPROPRIEDADE FÍSICO-QUÍMICA | ||
| 650 | _aPODZÓLICO | ||
| 650 | _aPEDOLOGIA | ||
| 650 | _aGÊNESE DO SOLO | ||
| 650 | _aAMAZONAS | ||
| 773 | 0 |
_tRevista Brasileira de Ciência do Solo (Brazil) _xISSN 0100-0683 _g(Apr-Jun 2002), v. 26(2) p. 381-394 _wBR0302782 |
|
| 909 |
_a202311 _bLúcia _c55 _dLúcia Elande |
||
| 942 |
_2AGRIS _n0 _cANA |
||
| 999 |
_c174982 _d174982 |
||